[Event "BL 2017-18"]
[Site "Germany"]
[Date "2018.02.24"]
[Round "9"]
[White "Van Wely, Loek"]
[Black "Kovacs, Gabor"]
[Result "1-0"]
[WhiteElo "2656"]
[BlackElo "2461"]
[Annotator "TA"]
[PlyCount "155"]
[EventDate "2018.05.24"]
[EventType "team-tourn"]
[EventCountry "GER"]
[SourceTitle "playchess.com"]
[Source "ChessBase"]
[SourceQuality "1"]
[WhiteTeam "Solingen"]
[BlackTeam "Speyer"]

{[%evp 24,155,65,62,84,70,88,72,80,23,50,38,30,43,39,-10,0,0,78,77,78,78,74,90,156,135,139,147,129,136,159,160,162,152,135,155,405,89,93,66,95,88,93,94,129,122,127,111,128,125,133,131,144,156,272,158,141,143,140,134,148,68,107,118,111,0,154,106,202,204,198,141,139,131,130,139,132,132,131,102,105,91,127,132,116,55,59,73,57,67,54,57,78,0,37,35,234,70,75,70,78,78,78,78,89,4,5,1,5,0,27,0,0,0,0,0,0,3,3,7,8,0,0,0,78,164,1020,961,598,583,1321,1868,4133,1882]} 1. d4 d5 2. c4 e6 3. Nf3 Nf6 4. g3 Be7 5. Bg2 O-O 6. O-O dxc4 7. Ne5 Nc6 8. Nxc6 bxc6 9. Na3 Bxa3 10. bxa3 Rb8 {E05: Open Catalan: 5 Nf3 Be7} (10... Ba6 11. Qd2 Rb8 12. Qa5 Rb6 13. a4 Qd6 14. Rd1 Nd5 15. e4 Qb4 16. Qxb4 Nxb4 17. Bf4 Nd3 18. Bxc7 Rb2 {0-1 (59) Iturrizaga Bonelli,E (2650)-Dominguez Perez,L (2739) chess.com INT 2018}) 11. Qa4 Rb6 12. Qxc4 Ba6 13. Qc2 {LiveBook: 6 Games} Qd6 $146 ({Find the theoretical novelty and annotate with similar games:} 13... Qd7 14. Bg5 Nd5 15. Rfe1 h6 16. Bd2 f5 17. Rad1 Rfb8 18. e4 {1-0 (44) Lomasov,S (2490)-Vokhidov,S (2399) St Petersburg 2017}) 14. Rd1 Rfb8 15. e4 Qe7 16. Qc3 (16. Bf4 $16) 16... Bb5 $11 17. Re1 {[%cal Bd1e1,Be1e3,Be3c3][%mdl 32]} Nd7 18. Bf4 Ra6 19. Re3 c5 20. Bxc7 cxd4 (20... Rb7 $11 {keeps the balance.} 21. Ba5 cxd4 22. Qc8+ Nf8) 21. Qxd4 $16 Rc8 22. Rc3 Ra4 23. Qd2 $36 {[%mdl 2048] White is really pushing.} Nf6 (23... Nb6 $142 24. Bxb6 Rxc3) 24. Bd6 Qd7 {White should prevent ...Rxc3.} 25. Rxc8+ Qxc8 26. Rb1 Qd7 27. e5 Ne8 28. Bb4 Qxd2 29. Bxd2 Nc7 $2 (29... Bd7 $16 30. Bb4 f6) 30. Bb4 $2 (30. Bf1 $1 $18 {is the precise move to win.}) 30... Nd5 31. Rc1 {White threatens Rc8+ and mate.} (31. Rd1 {NOTEXT} g5 32. Bxd5 exd5 33. h4 h6 34. Rxd5 Bc4 35. Rc5) 31... Bd7 32. Bc5 h6 33. Bf1 Nb6 34. Bd3 Ra5 35. f4 Nd5 36. h4 f6 37. Bd6 g5 38. fxg5 fxg5 (38... hxg5 $16 {is a better defense.} 39. exf6 gxh4 40. gxh4 Ra4) 39. hxg5 ({Only move:} 39. h5 $1 $18) 39... hxg5 40. Kf2 Ra4 41. Bc5 Be8 42. Rh1 (42. Bc2 $16 Ra5 43. Bb3) 42... Ra5 43. Bd6 Ra4 44. Rc1 {aiming for Rc8.} Bd7 $1 45. Bc4 Bc6 (45... a5 $16 {was necessary.} 46. Bc5 Bc6) 46. Bb3 $18 Ra6 47. Ke1 (47. Kf3 $18) 47... Kg7 $16 48. Kd2 Kg6 49. Bc2+ Kh5 50. Bd1+ Kg6 51. Bg4 Bd7 52. Bc5 Ra4 53. Bd1 Ra5 54. Be2 (54. Bd6 $16) 54... Kf5 $14 55. Bd6 Ra4 56. Rf1+ Kg6 57. Bd3+ Kh5 $1 58. Be2+ Kg6 59. Rf8 Rd4+ $2 ({Better is} 59... a6 $1 $14) 60. Ke1 $2 (60. Bd3+ $18 Kh5 61. Bc5) 60... Nc3 {...Re4 is the strong threat.} 61. Rf6+ Kg7 {[#]} 62. Bh5 $1 Ne4 63. Rf7+ Kh6 {Threatens to win with ...Be8.} 64. g4 ({White should try} 64. Bf3 $16 Nxd6 65. Rxd7) 64... Nxd6 $11 65. Rxd7 {[%mdl 4096] Endgame KRB-KRN} Re4+ 66. Kf2 Nb5 67. Rb7 Rxe5 68. a4 {[%cal Ba3a4,Ba4a5,Ba5a6,Ba6a7][%mdl 32]} Nd4 69. Rxa7 Re2+ 70. Kf1 Rxa2 71. Bf7 Rd2 72. Rd7 e5 73. a5 {Hoping for a6.} Rd1+ (73... e4 $1 $11) 74. Kf2 $16 {Strongly threatening a6.} Ra1 $2 {[#]} (74... Rd2+ 75. Ke3 Re2+ 76. Kd3 e4+ 77. Kc3 Rc2+ 78. Kb4 Nc6+ 79. Kb3 Rc1) 75. Bc4 $1 $18 {White is clearly winning.} Kg6 76. a6 Ra3 77. a7 Kf6 78. Rd6+ {Precision: White = 53%, Black = 50%.} 1-0

[Event "BL 2017-18"]
[Site "Germany"]
[Date "2018.02.24"]
[Round "9"]
[White "Meier, Georg"]
[Black "Nisipeanu, Liviu-Dieter"]
[Result "1/2-1/2"]
[WhiteElo "2647"]
[BlackElo "2682"]
[Annotator "TA"]
[PlyCount "103"]
[EventDate "2018.05.24"]
[EventType "team-tourn"]
[EventCountry "GER"]
[SourceTitle "playchess.com"]
[Source "ChessBase"]
[SourceQuality "1"]
[WhiteTeam "SF Deizisau"]
[BlackTeam "Dresden"]

{[%evp 13,103,12,30,5,17,0,0,-10,0,0,5,0,14,19,27,19,33,14,52,50,48,58,70,30,110,107,106,104,152,151,130,150,164,107,119,99,112,89,127,129,120,130,120,119,123,120,131,130,139,115,124,105,123,106,97,87,107,57,56,53,73,43,61,62,74,0,62,37,55,61,129,68,132,132,132,132,127,8,8,8,8,8,8,8,8,8,87,87,145,145,145,145]} 1. Nf3 d5 2. g3 Nc6 3. d4 Bf5 4. Bg2 Nb4 5. Na3 e6 6. O-O Be7 7. c3 {D02: 1 d4 d5 2 Nf3 sidelines, including 2...Nf6 3 g3 and 2...Nf6 3 Bf4} Nc6 {LiveBook: 8 Games} (7... Na6 8. Qb3 Qc8 9. c4 c6 10. Bd2 Nf6 11. Rac1 O-O 12. Rfd1 Ne4 13. Be1 Bf6 14. Nb1 Rd8 {1-0 (47) Fressinet,L (2702)-Ivanisevic,I (2653) Berlin 2015}) 8. Qb3 Rb8 9. Qa4 $146 {The position is equal.} ({Find the theoretical novelty and annotate with similar games:} 9. Nb1 Nf6 10. Nbd2 h6 11. Qd1 O-O 12. b4 a6 13. a4 Bd6 14. Re1 Bh7 {0-1 (70) Schneider,L (2379)-Fries Nielsen,J (2503) Sweden 2003}) 9... Nf6 10. b4 Nd7 11. Nd2 O-O 12. e4 Nb6 13. Qb3 Bg6 14. Nc2 a5 15. a3 $1 Ra8 16. Bb2 $1 dxe4 17. Nxe4 Nd5 18. Ne3 Kh8 (18... Nxe3 $11 {keeps the balance.} 19. fxe3 h6) 19. Nxd5 $16 Qxd5 20. c4 $36 {[%mdl 2048] White is really pushing.} Qd8 {[%cal Ra5b4]} 21. d5 exd5 22. cxd5 Nb8 {[#]} 23. bxa5 ({Much less strong is} 23. Qc3 Rg8 $16) (23. d6 $6 cxd6 24. Nc3 Nd7 $14) ({White should play} 23. Nc5 $1 $18) 23... Nd7 24. Qc3 {[%csl Gb2][%cal Rc3g7]} ({Stronger than} 24. Qxb7 Rb8 $17) 24... Rg8 25. Rac1 Nf6 26. Nxf6 Bxf6 27. Qb3 Bxb2 28. Qxb2 Rxa5 29. Qxb7 Rxa3 30. Rxc7 Rd3 31. Qc6 h6 32. h4 Qf6 33. Qxf6 gxf6 34. Re1 Rb8 35. Rc4 Kg7 36. Rf4 Rd2 37. Rc1 Bc2 38. Rg4+ Kf8 39. Rf4 Kg7 $1 40. g4 Rb2 41. Ra1 Bb3 (41... f5 $14) 42. Ra5 (42. Ra6 $16) 42... Rb1+ (42... Ra2 $14 43. Rb5 Ra4) 43. Kh2 Rbd1 {[%cal Rb3d5]} 44. Ra6 Bxd5 45. Raxf6 (45. Bxd5 $16 Rxd5 46. Raxf6 (46. Rfxf6 R5d4 $16)) 45... Be6 $11 46. g5 hxg5 47. hxg5 Re1 48. Re4 Rxe4 49. Bxe4 Bd5 (49... Re2 $11 {remains equal.} 50. Rf4 Ra2) 50. Rd6 $16 Rxf2+ ({Better is} 50... Re2) 51. Kg3 Bxe4 52. Kxf2 {Precision: White = 58%, Black = 48%.} 1/2-1/2

[Event "BL 2017-18"]
[Site "Germany"]
[Date "2018.02.24"]
[Round "9"]
[White "Van Kampen, Robin"]
[Black "Commercon, Simon"]
[Result "1-0"]
[WhiteElo "2646"]
[BlackElo "2257"]
[Annotator "TA"]
[PlyCount "61"]
[EventDate "2018.05.24"]
[EventType "team-tourn"]
[EventCountry "GER"]
[SourceTitle "playchess.com"]
[Source "ChessBase"]
[SourceQuality "1"]
[WhiteTeam "Solingen"]
[BlackTeam "Speyer"]

{[%evp 13,61,10,21,12,115,111,90,102,105,106,123,111,121,115,117,108,108,108,114,116,112,110,108,113,110,94,183,195,258,250,275,284,353,306,295,269,295,278,334,328,541,507,489,483,553,552,566,524,586,580]} 1. e4 e5 2. Nf3 Nf6 3. Nxe5 d6 4. Nf3 Nxe4 5. Nc3 Nxc3 6. dxc3 Be7 7. Be3 Be6 {LiveBook: 7 Games. C42: Petroff Defence: 3 Nxe5 and unusual White 3rd moves} (7... Nc6 8. Bd3 Bf6 9. Qd2 Be6 10. Ng5 Bxg5 11. Bxg5 Qd7 12. O-O-O f6 13. Bf4 O-O-O 14. b3 Bf5 15. Be2 {0-1 (104) Dominguez Perez,L (2739)-Yu,Y (2760) chess.com INT 2018}) 8. Nd4 O-O (8... Bd7 $11 {keeps the balance.}) 9. Nxe6 $16 fxe6 {White is better.} 10. Qg4 Rf6 $146 ({Predecessor:} 10... Qd7 11. O-O-O e5 12. Qe4 Qc6 13. Bc4+ Kh8 14. Bd5 {1-0 (33) Zarnescu,M (1856)-Filip,M (1702) Miercurea Ciuc 2009}) 11. Bd3 Nd7 12. Qh3 Nf8 13. O-O-O d5 14. g4 Rf7 15. f4 {[%cal Bf2f4,Bf4f5][%mdl 32]} Bd6 16. Rhf1 c6 17. c4 Qc7 {[%cal Rd6f4]} 18. cxd5 cxd5 {[%cal Rd6f4] [#]} 19. f5 $1 {[%cal Rf5e6]} e5 (19... exf5 $16 20. Rxf5 (20. Bxf5 g6 $11) 20... Rxf5 21. Bxf5 Bf4) 20. Kb1 $18 Rc8 (20... Bc5 {was worth a try.} 21. Be2 Rd8) 21. c3 b5 22. Qg2 ({Weaker is} 22. Bxb5 Qb7 $14) 22... b4 23. cxb4 ({Don't take} 23. Qxd5 bxc3 24. Bc2 Bc5 $18) 23... Qb7 24. Bc2 Rxc2 25. Qxc2 d4 26. Bd2 e4 $2 (26... Qd5 27. Rfe1 Qf3) 27. Rfe1 {White is clearly winning.} e3 {[#]} 28. Bxe3 $1 Bxb4 (28... dxe3 29. Rxd6) 29. Bd2 Bd6 30. Bc1 Qb6 31. Qc4 {Precision: White = 93%, Black = 39%.} 1-0

[Event "BL 2017-18"]
[Site "Germany"]
[Date "2018.02.24"]
[Round "9"]
[White "Parligras, Mircea Emilian"]
[Black "Adams, Michael"]
[Result "1/2-1/2"]
[WhiteElo "2638"]
[BlackElo "2709"]
[Annotator "TA"]
[PlyCount "142"]
[EventDate "2018.05.24"]
[EventType "team-tourn"]
[EventCountry "GER"]
[SourceTitle "playchess.com"]
[Source "ChessBase"]
[SourceQuality "1"]
[WhiteTeam "Aachen"]
[BlackTeam "Baden-Baden"]

{[%evp 20,142,19,-13,0,-16,-8,-20,-17,-29,-24,-15,-17,-26,-35,-41,-40,-45,-31,-32,-17,-54,-56,-67,-68,-67,-68,-78,-68,-74,-67,-67,-67,-67,-67,-67,-67,-67,-67,-67,-67,-67,-67,-85,-67,-67,0,-67,-67,-67,-67,-67,-67,-75,-72,-67,-39,-39,-39,-39,-39,-39,-39,-60,-56,-56,-56,-56,-56,-56,-56,-56,-56,-56,-56,-56,-56,-77,-77,-91,-91,-91,-91,-91,-91,-91,-91,-91,-91,-91,-91,-91,-91,-91,-91,-91,-61,-61,-61,-112,-112,-136,-136,-136,-115,-115,-8,-8,-8,-8,-8,-8,0,0,0,-8,-8,-8,0,0,0,0,0,0,0]} 1. d4 Nf6 2. c4 e6 3. Nf3 d5 4. Nc3 c5 5. cxd5 Nxd5 6. e3 Nc6 7. Bd3 Be7 8. O-O O-O 9. a3 b6 10. Qc2 Nxc3 11. bxc3 g6 {D42: Queen's Gambit Declined: Semi-Tarrasch: 5 cxd5 Nxd5 6 e3 Nc6 7 Bd3} 12. dxc5 $146 ({Predecessor:} 12. Rd1 Qc7 13. c4 Bf6 14. Bb2 Rb8 15. d5 Ne5 16. Be2 exd5 17. cxd5 Nxf3+ 18. Bxf3 Qd6 19. g3 Bd7 20. Bg2 {1-0 (43) So,W (2815)-Giri,A (2785) chess.com INT 2017}) 12... Bxc5 13. c4 Bb7 14. Bb2 Qe7 15. Rfd1 Rad8 16. Qc3 {[%csl Gb2][%cal Rc3h8]} f6 17. Be2 Kg7 18. h3 Rxd1+ 19. Rxd1 Rd8 20. Nd4 e5 21. Nxc6 Rxd1+ 22. Bxd1 Bxc6 23. Be2 Qb7 24. Bf1 Qd7 25. Qd3 g5 26. Qxd7+ Bxd7 $15 {[%mdl 4096] Endgame KBB-KBB} 27. Bd3 h5 28. Kf1 Be6 29. Ke2 Kf7 30. Kd2 h4 31. Bf1 Bd7 32. Bd3 Be6 (32... Bc6 $15 33. f3 Bb7) 33. f3 (33. Bf1 $1 $11) 33... Ke7 34. Ke2 Bd6 35. Kd2 Kd7 36. a4 Bb4+ 37. Kc2 Kc6 38. f4 Kd6 39. fxg5 fxg5 40. Kb3 Bc5 41. Bc1 g4 42. hxg4 Bxg4 43. Bd2 Bd1+ 44. Bc2 Be2 45. Be4 a5 46. Bh7 Ke6 47. Be1 Be7 48. Bc2 Kd6 49. Bf5 Kc5 50. g3 Bxc4+ 51. Kc3 {[#]} hxg3 $1 52. Bxg3 Bf6 53. e4 Bf7 54. Bd7 Kd6 55. Bb5 Bg6 56. Kd3 Be7 57. Bh2 Ke6 58. Bc4+ Kf6 59. Bg1 ({White should try} 59. Bg3 $15 Bc5 60. Bh4+ Kg7 61. Bb5) 59... Bc5 $17 60. Bxc5 bxc5 {KB-KB} 61. Bd5 Kg5 {...Kf4 is the strong threat.} 62. Kc4 {[#]} Kf4 (62... Be8 $1 $17 63. Kxc5 Bxa4) 63. Kxc5 $11 {The position is equal.} Bxe4 64. Bc4 Bc2 65. Kb5 e4 66. Kxa5 Bd3 67. Bb3 e3 {( -> ...e2)} 68. Bd1 Kg3 (68... Bf5 $5 69. Be2 $8 Bg4 $11) 69. Kb4 Kf2 (69... Be4 $5 70. Be2 $8 Bf3 $11) 70. a5 $1 Ke1 71. Bg4 Kd2 {Precision: White = 61%, Black = 68%.} 1/2-1/2

[Event "BL 2017-18"]
[Site "Germany"]
[Date "2018.02.24"]
[Round "9"]
[White "Efimenko, Zahar"]
[Black "Johansson, Linus"]
[Result "1/2-1/2"]
[WhiteElo "2636"]
[BlackElo "2452"]
[Annotator "TA"]
[PlyCount "85"]
[EventDate "2018.05.24"]
[EventType "team-tourn"]
[EventCountry "GER"]
[SourceTitle "playchess.com"]
[Source "ChessBase"]
[SourceQuality "1"]
[WhiteTeam "Werder Bremen"]
[BlackTeam "Bayern Muenchen"]

{[%evp 28,85,30,31,34,25,55,31,20,15,38,43,41,51,83,61,61,8,61,0,44,22,19,17,26,0,0,0,0,0,0,0,8,0,0,0,12,-31,-32,-33,0,-7,-16,-14,-22,-21,-1,-2,0,0,0,0,0,0,0,0,0,0,0,0]} 1. Nf3 Nf6 2. g3 b6 3. Bg2 Bb7 4. c4 e6 5. O-O Be7 6. Nc3 O-O 7. Re1 Ne4 8. Nxe4 Bxe4 9. d3 Bb7 10. e4 c5 11. d4 cxd4 12. Nxd4 d6 13. b3 {A17: English Opening: 1...Nf6 with ...Bb4} a6 14. Bb2 Nd7 (14... Qc7 15. Qg4 g6 16. e5 Bxg2 17. exd6 Bxd6 18. Kxg2 Nd7 19. Nf3 Rad8 20. Rad1 Be7 {1-0 (54) Gelfand,B (2729)-Inarkiev,E (2702) Nazran 2017}) 15. Qg4 {LiveBook: 3 Games. White has an edge.} Ne5 16. Qe2 Rc8 17. Rad1 $146 {Black must now prevent Nxe6!} Qc7 18. f4 Nc6 19. Nc2 {[%cal Bd4c2,Bc2e3,Be3g4][%mdl 32]} Rfe8 20. Ne3 Bf8 21. Ng4 Ne7 22. Qd3 ({White should play} 22. Kh1 $14) 22... Nc6 (22... b5 $11) 23. Qc3 (23. Qf3 $14) 23... f6 24. Kh1 b5 25. cxb5 axb5 26. b4 Qf7 27. Qb3 e5 28. Qxf7+ Kxf7 29. a3 $1 Nd4 30. Bxd4 exd4 31. Rxd4 Rc3 32. e5 Bxg2+ 33. Kxg2 Rxa3 (33... h5 $5 {[%cal Rh5g4]} 34. Nf2 Rxa3 $11) 34. Rd5 $1 {The position is equal.} dxe5 35. fxe5 Ra2+ 36. Kf3 Bxb4 37. Rb1 Bc3 {And now ...h5 would win.} 38. exf6 Bxf6 39. Rdxb5 Ra3+ 40. R1b3 Rxb3+ 41. Rxb3 Re7 42. Nxf6 Kxf6 43. h4 {Precision: White = 50%, Black = 43%.} 1/2-1/2

[Event "BL 2017-18"]
[Site "Germany"]
[Date "2018.02.24"]
[Round "9"]
[White "van Foreest, Jorden"]
[Black "Anand, Viswanathan"]
[Result "1/2-1/2"]
[WhiteElo "2636"]
[BlackElo "2779"]
[Annotator "TA"]
[PlyCount "65"]
[EventDate "2018.05.24"]
[EventType "team-tourn"]
[EventCountry "GER"]
[SourceTitle "playchess.com"]
[Source "ChessBase"]
[SourceQuality "1"]
[WhiteTeam "Aachen"]
[BlackTeam "Baden-Baden"]

{[%evp 16,65,16,1,21,14,25,14,17,16,15,14,11,0,3,15,0,-4,-13,-12,-8,-12,0,-14,-8,-12,-13,-25,-20,-17,-8,-10,-10,-19,-7,-22,0,-25,-14,-85,-21,-16,-16,-29,-20,-33,-31,-23,0,0,0,-28]} 1. e4 e5 2. Nf3 Nc6 3. Bb5 {[%cal Bf1b5,Bb5a4,Ba4b3,Bb3a2][%mdl 32]} a6 4. Ba4 Nf6 5. O-O Be7 6. d3 b5 7. Bb3 d6 8. a3 O-O 9. Re1 {LiveBook: 92 Games} Nb8 {C88: Closed Ruy Lopez: Anti-Marshall Systems} 10. Nbd2 Nbd7 11. Ba2 c5 12. Nf1 Nb6 $146 ({Predecessor:} 12... h6 13. Nh4 Nxe4 14. Ng6 Nef6 15. Nxf8 Nxf8 {½-½ (104) Grischuk,A (2764)-Karjakin,S (2775) Moscow 2012}) 13. Ng3 Qc7 14. Nh4 g6 15. Bh6 Re8 {[#] Strongly threatening ...Ng4.} 16. Qd2 Ng4 17. Bg5 Bxg5 18. Qxg5 {aiming for h3.} Qe7 19. Nf3 Qxg5 20. Nxg5 Ra7 21. Nf1 Kg7 22. h3 Nh6 {[%cal Bg4h6,Bh6g8,Bg8e7,Be7f5][%mdl 32]} 23. Ne3 a5 (23... f6 $5 24. Nf3 $8 Rc7 $14) 24. c3 Ng8 25. Nf3 Ne7 26. Rad1 f5 27. g3 (27. exf5 $11 {keeps the balance.} gxf5 28. Ng5) 27... Bd7 (27... f4 $17 28. gxf4 exf4) 28. exf5 $11 Nxf5 29. Ng5 Bc6 30. Ne6+ Kh8 31. Ng5 {[#] And now Nxf5 would win.} Kg7 32. Ne6+ Kh8 33. Ng5 {Precision: White = 48%, Black = 51%.} 1/2-1/2

[Event "BL 2017-18"]
[Site "Germany"]
[Date "2018.02.24"]
[Round "9"]
[White "Balogh, Csaba"]
[Black "Miton, Kamil"]
[Result "1/2-1/2"]
[WhiteElo "2634"]
[BlackElo "2605"]
[Annotator "TA"]
[PlyCount "65"]
[EventDate "2018.05.24"]
[EventType "team-tourn"]
[EventCountry "GER"]
[SourceTitle "playchess.com"]
[Source "ChessBase"]
[SourceQuality "1"]
[WhiteTeam "Hockenheim"]
[BlackTeam "Hamburg SK"]

{[%evp 26,65,33,33,25,25,39,41,42,21,21,21,28,31,24,24,24,36,44,16,26,26,27,29,29,16,25,19,27,25,32,38,46,15,17,15,29,21,27,10,9,9]} 1. e4 e5 2. Nf3 Nc6 3. Bb5 a6 4. Ba4 Nf6 5. O-O Be7 6. Re1 b5 7. Bb3 O-O 8. c3 d5 9. exd5 Nxd5 10. Nxe5 Nxe5 11. Rxe5 c6 12. d3 Bd6 13. Re1 Bf5 14. Qf3 Qh4 {C89: Closed Ruy Lopez: Marshall Attack} 15. g3 Qh3 16. Be3 Bxd3 {White is slightly better.} 17. Nd2 Qf5 18. Bd4 Rfe8 19. a4 h6 20. Kg2 {[#]} Bf8 $146 ({Predecessor:} 20... Qxf3+ 21. Nxf3 Bf5 22. axb5 axb5 23. Rxa8 Rxa8 {½-½ (39) Vachier Lagrave,M (2796)-Aronian,L (2793) Stavanger 2017}) 21. axb5 {[#] Black must now prevent Qxf5.} axb5 22. Qxf5 Bxf5 23. Rxe8 Rxe8 24. Bxd5 cxd5 25. Nf1 b4 26. Ne3 Be6 27. Ra5 bxc3 28. bxc3 Rd8 29. g4 Bd6 30. h3 Bf4 31. Kf3 Bxe3 32. Kxe3 h5 33. Kf4 {Precision: White = 76%, Black = 84%.} 1/2-1/2

[Event "BL 2017-18"]
[Site "Germany"]
[Date "2018.02.24"]
[Round "9"]
[White "Predojevic, Borki"]
[Black "Mager, Denis"]
[Result "1-0"]
[WhiteElo "2629"]
[BlackElo "2277"]
[Annotator "TA"]
[PlyCount "83"]
[EventDate "2018.05.24"]
[EventType "team-tourn"]
[EventCountry "GER"]
[SourceTitle "playchess.com"]
[Source "ChessBase"]
[SourceQuality "1"]
[WhiteTeam "Solingen"]
[BlackTeam "Speyer"]

{[%evp 25,83,14,17,27,53,70,38,29,31,57,116,106,106,106,101,93,106,104,104,109,112,107,116,116,151,123,125,123,123,122,130,131,138,138,145,124,283,287,283,270,404,376,628,618,678,665,630,697,716,697,690,683,637,567,744,744,817,793,775,769]} 1. e4 c5 2. Nf3 d6 3. d4 cxd4 4. Nxd4 Nf6 5. Nc3 a6 6. g3 {[%cal Bg2g3,Bg3g4,Bg4g5][%mdl 32]} e6 7. Bg2 Be7 8. O-O O-O 9. Be3 Qc7 10. g4 Nc6 {B80: Sicilian Scheveningen: 6 g3 and 6 Be3, including English Attack} (10... Re8 11. g5 Nfd7 12. f4 Bf8 13. h4 Nc6 14. h5 Nxd4 15. Qxd4 b5 16. Rad1 Bb7 17. Qd2 Rad8 18. Qf2 {0-1 (36) Muzychuk,M (2554)-Bruzon Batista,L (2666) Gibraltar 2016}) 11. g5 Nd7 12. f4 Nxd4 13. Bxd4 b5 {LiveBook: 3 Games} 14. Qh5 {And now Rf3 would win.} Bb7 {[#]} 15. f5 $146 ({Predecessor:} 15. Rf3 Rfe8 16. Raf1 Qc4 17. Rd3 Nf8 18. b3 Qc7 19. f5 e5 20. Be3 b4 21. Nd5 Bxd5 22. Rxd5 f6 23. g6 h6 24. Rf3 Bd8 25. Bf1 {1-0 (25) Heberla,B (2536)-Baeuml,U (2100) Nuremberg 2009}) 15... exf5 16. exf5 Bxg2 17. Kxg2 $40 {[%mdl 128] Threatens to win with f6. White is up to no good.} Qb7+ (17... Qc6+ $14 18. Kg3 f6) 18. Kg1 {Black must now prevent f6.} f6 {[#]} 19. g6 $1 {[%csl Gg6][%cal Rh5h7]} h6 20. Qf3 Qxf3 21. Rxf3 Ne5 22. Re3 Rfc8 23. Nd5 Bd8 24. c3 Rc6 25. Kg2 a5 26. a3 Rb8 27. Re2 Rb7 28. Rd1 Kf8 29. h4 {[%cal Bh2h4,Bh4h5][%mdl 32]} Ke8 30. h5 Bc7 $2 {[#]} (30... Kf8 $16 31. Nf4 Be7 32. Ne6+ Kg8) 31. Nf4 $18 Bb6 32. Ne6 a4 (32... Rd7 $142 33. Bxe5 fxe5) 33. Bxe5 dxe5 $2 (33... fxe5 34. Rd5 Ke7 35. Rxb5 Rc8) 34. Red2 {White is clearly winning.} Rc8 35. Rd6 Ba5 36. Kf3 Ra7 37. R1d5 Rb7 38. Ke2 Ra8 39. Nc5 Re7 40. Re6 Bd8 41. Rxe7+ Bxe7 42. Ne6 $1 {[%csl LRb5,LRg7] Precision: White = 98%, Black = 29%.} 1-0

[Event "BL 2017-18"]
[Site "Germany"]
[Date "2018.02.24"]
[Round "9"]
[White "Baramidze, David"]
[Black "Ftacnik, Lubomir"]
[Result "1-0"]
[WhiteElo "2610"]
[BlackElo "2546"]
[Annotator "TA"]
[PlyCount "47"]
[EventDate "2018.05.24"]
[EventType "team-tourn"]
[EventCountry "GER"]
[SourceTitle "playchess.com"]
[Source "ChessBase"]
[SourceQuality "1"]
[WhiteTeam "Hockenheim"]
[BlackTeam "Hamburg SK"]

{[%evp 21,47,38,63,0,4,0,25,32,23,19,30,21,23,22,21,18,126,135,139,146,317,306,348,376,379,376,342,365]} 1. e4 c5 2. Nf3 d6 3. d4 cxd4 4. Nxd4 Nf6 5. Nc3 e6 6. g4 h6 7. h4 Nc6 8. Rg1 d5 9. exd5 Nxd5 {B81: Sicilian Scheveningen: Keres Attack} 10. Nxd5 exd5 11. Be3 Qxh4 {LiveBook: 7 Games. White is slightly better.} 12. Nb5 ({White should try} 12. Qf3 $14) 12... Qe7 $11 13. Qxd5 {[#] Threatens to win with 0-0-0.} a6 $146 {aiming for ...Be6.} ({Find the theoretical novelty and annotate with similar games:} 13... Be6 14. Qe4 a6 15. Nc3 Qb4 16. O-O-O Bc5 17. Bxc5 Qxc5 {1-0 (110) Kovalev,V (2636)-Shengelia,D (2556) Heraklio 2017}) 14. Nc3 $1 Nb4 15. Qd2 Be6 $1 16. O-O-O {Bb6 is the strong threat.} Rd8 17. Qe1 Rxd1+ 18. Qxd1 Nxa2+ (18... Qd6 $11) 19. Nxa2 $16 Bxa2 {[#]} 20. c4 $1 $36 {[%mdl 2048] And now Qa4+ would win. Keeping Black busy.} Qb4 $2 (20... Qd7 $16 {might work better.}) 21. Bd2 $18 Qb3 22. Qe1+ Be7 {[#]} 23. Rg3 $1 {[%cal Rg3b3]} Qa4 24. Ra3 $1 1-0